Quizzes
Events
Quiz Creation
Community
Videos
Private Events
Remove Ads
Sign In
Join for FREE
Feedback
Dark Mode
Quiz Categories
Sports
Geography
Music
Movies
Television
Just For Fun
Miscellaneous
History
Literature
Language
Science
Gaming
Entertainment
Religion
Holiday
For Kids
Quiz Lab
Recent
Popular Today
Quiz Kudos Today
Editor Picks
Curator Picks
Quizzes by...
Day
Popularity
Type
Ratings
Length
Year
Community
Subscriptions
Recent Discussions
Orange Saloon
Badges
Playlists
Quests
Create
Leaderboards
Showdown
Live 5
Trivia Bingo
Activity
Puzzle Library
Sporcle Events
Private Events
Virtual Trivia
Globe League
Become a Host
Pub Owners
SporcleCon
Opinionation
Our Games
Videos
Blog
Mobile Apps
Partnerships
Remove Ads and Go Orange
Feedback
Movies
Disney
Marvel Cinematic Universe
Movie Resume
Movie Titles
Oscar
Actor
Actress
Director
Pixar
Role
Movie Quotes
Movie Characters
Box Office
Nominee
Best Picture
Star Wars
James Bond
Horror Movies
Movies
Disney
Marvel Cinematic Universe
Movie Resume
Movie Titles
Oscar
Actor
Actress
Director
Pixar
Role
Movie Quotes
Movie Characters
Box Office
Nominee
Best Picture
Star Wars
James Bond
Horror Movies
Random Quiz
Search Sporcle
×
Quiz Lab
Quiz Lab
Movies
War
Type in answers that appear in a list
Type in answers that appear in a list
Classic
Best Score? Go Orange.
Telegraph's Top 30 War Films from 1930 - 2017 Stats
Can you name the Telegraph's Top 30 War Films?
By
petercwray
10m
30 Questions
132 Plays
132 Plays
132 Plays
Comments
Comments
Give Quiz Kudos
Give Quiz Kudos
-
- Ratings
hide this ad
Replay
Link that replays current quiz
Next Quiz
Link to next quiz in quiz playlist
You Got
0%
They Got
Avg Score
63%
Avg Friend Score
Upgrade to see
Score Distribution
Jump to the score distribution portion of the page
Score
0/30
Timer
10:00
0
Plays Today
Year & Cast
Movie
% Correct
1998 -
Tom Hanks, Giovanni Ribisi, Matt Damon
Saving Private Ryan
94.7%
1986 -
Charlie Sheen, Willem Dafoe, Forest Whitaker
Platoon
91.7%
1987 -
Robin Williams, Forest Whitaker, Bruno Kirby
Good Morning, Vietnam
90.9%
1979 -
Martin Sheen, Marlon Brando, Robert Duvall
Apocalypse Now
90.2%
1993 -
Liam Neeson, Ben Kingsley, Ralph Fiennes
Schindler's List
89.4%
1978 -
Robert DeNiro, Christopher Walken, Meryl Streep
The Deer Hunter
88.6%
2015 -
Bradley Cooper, Sienna Miller, Luke Grimes
American Sniper
85.6%
1987 -
Adam Baldwin, Vincent D'Onofrio, Matthew Modine
Full Metal Jacket
84.8%
2001 -
Josh Harnett, Ewan McGregor, Eric Bana
Black Hawk Down
84.8%
2017 -
Fionn Whitehead, Harry Styles, Mark Rylance
Dunkirk
83.3%
1930 -
Lew Ayres, Louis Wolheim, John Wray
All Quiet On The Western Front
82.6%
1963 -
Steve McQueen, James Garner, Richard Attenborough
The Great Escape
81.1%
2014 -
Brad Pitt, Logan Lerman, Shia LaBeouf
Fury
75.8%
2005 -
Jake Gyllenhaal, Jamie Foxx, Peter Sarsgaard
Jarhead
75%
1957 -
Alec Guinness, William Holden, Jack Hawkins
The Bridge On The River Kwai
74.2%
Year & Cast
Movie
% Correct
1981 -
Jurgen Prochnow, Herbert Gronemeyer, Klaus Wennemann
Das Boot
74.2%
1964 -
Michael Caine, Stanley Baker, Jack Hawkins
Zulu
72.7%
2016 -
Andrew Garfield, Sam Worthington, Hugo Weaving
Hacksaw Ridge
72.7%
1962 -
John Wayne, Henry Fonda, Sean Connery
The Longest Day
59.8%
1981 -
Mark Lee, Mel Gibson, Bill Kerr
Gallipoli
56.1%
1970 -
Martin Balsam, So Yamamura, Joseph Cotton
Tora! Tora! Tora!
44.7%
2015 -
Idris Elba, Abraham Attah. Kurt Egyiawan
Beasts Of No Nation
42.4%
1969 -
Laurence Olivier, Michael Caine, Ian McShane
Battle of Britain
34.1%
1955 -
Richard Todd, Michael Redgrave, Ursula Jeans
The Dam Busters
29.5%
1958 -
John Mills, Sylvia Syms, Harry Andrews
Ice Cold In Alex
28%
1977 -
James Coburn, Maximilian Schell, James Mason
Cross Of Iron
27.3%
1949 -
Gregory Peck, Hugh Marlowe, Gary Merrill
Twelve O'Clock High
25%
1985 -
Aleksei Kravchenko, Olga Mironova, Liubomiras Laucevisius
Come And See
24.2%
1942 -
John Mills, Bernard Miles, Celia Johnson
In Which We Serve
22.7%
2008 -
Konstantin Khabensky, Elizaveta Boyarskaya, Sergey Bezrukov
The Admiral
6.1%
Quiz Playlist
Details
Report
Send in Message
Add To Playlist
Classic:
Type in answers that appear in a list
Quiz Source
Last Updated: Aug 6, 2017
Quiz Scoreboard
CHALLENGE
Sign Up to Join the Scoreboard
Show All
Scores
Hide
Comments
May contain spoilers
Recently Published
Billboard Blitz: Fleetwood Mac
by CooCooCachoo
Music
15s
Presidents Visiting Landmarks
by Hejman
History
7m
An Introduction to Baseball
by treessimontrees
Sports
5m
More to Explore
Quiz From the Vault
Featured Blog Post
Where Did the Easter Bunny Come From?
hide this ad
You Might Also Like...
Tags
War Quiz
Top 30
War Films
Today's Top Quizzes in Movies
Browse Movies
hide this ad
Today's Top Quizzes in War
Browse War
Top Contributed Quizzes in Movies
1
Pick 5 Posters: Directed by Spielberg
2
7-to-1: Pixar Characters
3
Pick 5 Posters: Lowest-Rated Spielberg
4
Pick 5 Posters: Directed by Scorsese
5
Sorting Actors
6
Sorting Actresses
7
Pick 5 Posters: Star & Director
8
Pick 5 Posters: Women Directed 2020s
9
12 Movies about Fictional 1960s Events
10
Multi-Oscar Nominations, One Movie, One Winner
Explore More
Trending Topics
Harry Potter
NBA
Anime
Disney
Crossword
Kpop
Marvel
Puzzle
Song
Soccer
Country
Pokémon
The Office
NFL
WWE
hide this ad
More By:
petercwray
Quiz
Plays
Rating
Category
Featured
Created
100 Most Popular Fashion & Clothing Brands in the UK
854
5.00
Entertainment
Mar 21, 2019
100 Most Popular all time Musicians in the UK
736
5.00
Music
Mar 29, 2019
100 Most Popular All Time TV Shows in the UK
730
4.67
Television
May 3, 2019
100 Most Popular Writers of All Time in the UK
578
4.75
Literature
Mar 22, 2019
Every Best Actor Nominee Primetime Emmy Drama
539
5.00
Television
Jan 17, 2023
Go to Creator's Profile
Score Distribution
Quiz Creator Spotlight
petercwray
Follow
Send a Message
Quizzes Created
-
Created Quiz Play Count
-
More By This Creator
Popular Quizzes Today
1
Find the US States - No Outlines Minefield
2
Find the Countries of Europe - No Outlines Minefield
3
The Countries of the World
4
Find the US States
5
Popular People in 1961
6
US States
7
Risky Map Clicking: Biggest States A-Z
8
Movies - When Are They Set?
More Movies Quizzes
5-Star Box Office Actresses II
Published
Trending Quizzes
Risky Map Clicking: Least Populous States A-Z
1-10 Letter G Words
1-10 Letter F Words
Risky Map Clicking: Next State Alphabetically
Risky Map Clicking: Biggest States A-Z
Recently Updated
Leaping Animals
pecheneg
Reality TV Shows (A-Z)
bhenderson79
Rickey Henderson's Hall of Fame Teammates
pecheneg
Champions League XIs: Arsenal
pecheneg
Quick Pick: Celebrities in WWE's Hall of Fame
aduchscher
A-Z Keypad Blitz II
pecheneg
Multiple Oscar Actors
pecheneg
Mystery Phrase Blitz: Oscar 'Best Actors'
pecheneg
F. Scott Fitzgerald Novels
LTH
Pick 3 Villains
ddd62291
Trending Topics
NBA
Disney
Harry Potter
Kpop
Marvel
Crossword
Anime
WWE
Puzzle
Song
Country
Soccer
The Office
NFL
Pokémon
Your Account Isn't Verified!
In order to create a playlist on Sporcle, you need to verify the email address you used during registration. Go to your
Sporcle Settings
to finish the process.
Report this User
Report this user for behavior that violates our
Community Guidelines
.
Details:
Send Report
Go to the Sporcle.com Mobile Site →
Comments